| 000 | 00523nam a22001577a 4500 | ||
|---|---|---|---|
| 005 | 20120116153854.0 | ||
| 020 |
_a9788189020347 _c80.00 |
||
| 037 |
_aDPL _bPUB |
||
| 082 | _aS | ||
| 245 |
_aOnce upon a moontime: _c prestnted by Mamang dai; art by nimret handa _bfrom the magical story world of arunachal pradesh / |
||
| 260 |
_aNew Delhi _bKatha |
||
| 270 |
_aA3 Sarvodaya Enclave, Sri Aurbindo Marg _bNew Delhi _e110017 |
||
| 300 |
_aunpaged. _bcol.ill _c12cm (pbk) |
||
| 942 |
_2ddc _cCH _hS _mONC |
||
| 999 |
_c60991 _d60991 |
||